| 000 | 00581nam a2200217 i 4500 | ||
|---|---|---|---|
| 001 | 6327 | ||
| 003 | ES-MaACL | ||
| 005 | 20230906144900.0 | ||
| 007 | t| | ||
| 008 | 890922s1988 sp |||| | spa d | ||
| 020 | _a84-7086-229-4 | ||
| 080 | _a1(04) | ||
| 100 | 1 |
_aGametxo, Erramun. _953785 |
|
| 245 | 1 | 3 |
_aLa filosofía en el banquillo / _cErramun Gametxo. |
| 250 | _a1ª ed. | ||
| 260 |
_a[S.l. : _bs.n.], _c1988 ( _eZarautz : _fItxaropena) |
||
| 300 |
_a80 p. ; _c20 cm. |
||
| 650 | 1 | 4 |
_aEspacio y tiempo. _912462 |
| 852 |
_aES-MaACL _jL-13432 |
||
| 852 |
_aES-MaACL _jL-13425 |
||
| 999 |
_c6327 _d6327 |
||